Young Multi - Sól - Statystyki

Ogólne statystyki
  • Ten quiz został rozwiązany 72 razy
  • Średni wynik to 239 z 318
Statystyki odpowiedzi
Odpowiedź % Poprawnych
me
97%
na
97%
Na
97%
chłopcem
94%
94%
jest
94%
Jestem
94%
jestem
94%
mej
94%
Z
94%
z
94%
za
94%
białym
91%
dłoni
91%
jak
91%
Jak
91%
pistolet
91%
przy
91%
sercem
91%
skroni
91%
słowa
91%
Twoje
88%
w
88%
i
85%
o
85%
soli
85%
zakrwawionym
85%
mojej
82%
Trzymasz
82%
ale
79%
Ale
79%
mi
79%
mnie
79%
to
79%
Chcę
73%
Cię
73%
dosypujesz
73%
go
73%
Nie
73%
nie
73%
no
73%
Otwarta
70%
rana
70%
sercu
70%
70%
romantykiem
67%
się
67%
stole
67%
mam
64%
mieć
64%
song'ów
64%
widzę
64%
że
64%
ze
64%
bloków
61%
czego
61%
Czego
61%
dziewczyna
61%
forsę
61%
love
61%
mocny
61%
suki
61%
szarych
61%
szoku
61%
we
61%
wyglądasz
61%
auta
58%
budzi
58%
chcesz
58%
dawno
58%
mamy
58%
piszę
58%
potwór
58%
skurwysynem
58%
spódniczkę
58%
ten
58%
wyjdzie
58%
dragi
55%
Jeśli
55%
kratę
55%
pojebanym
55%
pytasz
55%
seks
55%
sobie
55%
szczęście
55%
wyprzedane
55%
adres
52%
inny
52%
pod
52%
Przepraszam
52%
Wiem
52%
wyglądam
52%
idź
48%
Kocham
48%
kocham
48%
niewinnie
48%
zasnę
48%
banie
45%
Boże
45%
Ciężko
45%
imię
45%
mówic
45%
Może
45%
porytą
45%
Rzucaj
45%
zrobię
45%
ciszę
42%
Czemu
42%
czemu
42%
czym
42%
końcu
42%
myślę
42%
wtedy
42%
głośno
39%
krzyczysz
39%
Pałki
39%
też
39%
Kiedy
33%
teraz
33%
zadzwoń
30%
proszę
27%
sprawiam
27%
znajdziesz
27%
Nie znaleziono quizów pasujących do podanych kryteriów
Rozkład punktacji
Procent ludzi z każdym wynikiem
Percentyl według liczby udzielonych odpowiedzi
Twoja historia wyników
Nie rozwiązałeś tego quizu